Turkey A-Z - Statistics

General Stats
  • This quiz has been taken 11,880 times
    11,865 since last reset
  • The average score is 17 of 26
Answer Stats
Hint Answer % Correct
I Most populous city Istanbul
96%
O Turkish empire dissolved after WWI Ottoman
93%
K Second-largest ethnic group Kurds
91%
L Currency Lira
89%
N Military alliance Turkey joined in 1952 NATO
89%
F Tassled red hat Fez
82%
C Country where Turkish is an official language Cyprus
81%
H Former church and mosque {Hagia} Sophia
81%
E Current President Erdoğan
77%
D Meat roasted on a vertical spit {Doner} Kebab
76%
A Peninsula on which most of Turkey sits Anatolia
75%
R Empire that conquered Turkey starting in 133 BC Rome
75%
S Title of the leader of O Sultan
73%
W National animal: Gray ____ Wolf
72%
B Strait on the entrance to the Black Sea Bosphorus
68%
T Site of a legendary Homeric war Troy
63%
G Professional football club Galatasaray
62%
M Sea between the Mediterranean and the Black Sea Marmara
62%
X Persian ruler who invaded in 547 BC Xerxes
54%
J Most famous Byzantine emperor Justinian
44%
U Caliphate that nearly conquered Constantinople in 717 Umayyad
38%
V Largest lake Van
38%
Y Most popular male name Yusuf
38%
P Eastern Orthodox leader Patriarch
37%
Z Most popular female name Zeynep
33%
Q Direction Muslims pray towards Qibla
17%
No matching quizzes found
Score Distribution
Percent of People with Each Score
Percentile by Number Answered
Your Score History
You have not taken this quiz since the last reset